| 000 | 00765nam a2200145Ia 4500 | ||
|---|---|---|---|
| 008 | 090122s9999 xx 000 0 und d | ||
| 082 | _b10353 | ||
| 100 |
_aकोल्हे _bअविनाश |
||
| 245 | _aअर्थतज्ञ डॉ. मनमोहनसिंग प्रशासक ते पंतप्रधान एक वाटचाल | ||
| 600 | _aकोल्हे | ||
| 630 | _aअर्थतज्ञ डॉ. मनमोहनसिंग प्रशासक ते पंतप्रधान एक वाटचाल | ||
| 700 | _aकोल्हे | ||
| 730 | _aअर्थतज्ञ डॉ. मनमोहनसिंग प्रशासक ते पंतप्रधान एक वाटचाल | ||
| 942 | _cBOOK | ||
| 999 |
_c34430 _d34430 |
||